NLSUI OPAC header image

Hindu ethics : Purity, abortion, and euthanasia (Record no. 39008)

MARC details
000 -LEADER
fixed length control field 00583nam a2200205Ia 4500
003 - CONTROL NUMBER IDENTIFIER
control field OSt
005 - DATE AND TIME OF LATEST TRANSACTION
control field 20210503133947.0
008 - FIXED-LENGTH DATA ELEMENTS--GENERAL INFORMATION
fixed length control field 160316s1989 xxu||||| |||| 00| 0 eng d
020 ## - INTERNATIONAL STANDARD BOOK NUMBER
International Standard Book Number 9780887067631
040 ## - CATALOGING SOURCE
Transcribing agency n
082 ## - DEWEY DECIMAL CLASSIFICATION NUMBER
Classification number 294.548000
Item number COW
100 ## - MAIN ENTRY--PERSONAL NAME
Personal name Coward Harold G
245 ## - TITLE STATEMENT
Title Hindu ethics : Purity, abortion, and euthanasia
260 ## - PUBLICATION, DISTRIBUTION, ETC.
Place of publication, distribution, etc. New York
Name of publisher, distributor, etc. State University Of New York Press
Date of publication, distribution, etc. 1989
300 ## - PHYSICAL DESCRIPTION
Extent 139p
365 ## - TRADE PRICE
Price amount Gratis
650 ## - SUBJECT ADDED ENTRY--TOPICAL TERM
Topical term or geographic name entry element 1. Hindu Ethics 2. Human Body - Religious Aspects
700 ## - ADDED ENTRY--PERSONAL NAME
Personal name Lipner Julius J
-- Young Katherine K
942 ## - ADDED ENTRY ELEMENTS (KOHA)
Source of classification or shelving scheme Dewey Decimal Classification
Koha item type BOOKs
Holdings
Withdrawn status Lost status Source of classification or shelving scheme Damaged status Not for loan Home library Current library Shelving location Date acquired Total Checkouts Full call number Barcode Date last seen Date last checked out Price effective from Koha item type
    Dewey Decimal Classification     . . Library Compactors 30.05.2017 1 294.548 COW 32833 11.08.2023 04.08.2023 30.05.2017 BOOKs